| 000 | 01874nam1a2200373 i 4500 | ||
|---|---|---|---|
| 001 | RU\NLR\bibl\1329815 | ||
| 005 | 20260405172338.0 | ||
| 035 | _a(NLR Aleph) 001315061 | ||
| 090 |
_a703845 _c703845 |
||
| 100 | _a20090216g20079999k y0rusy50 ca | ||
| 101 | 0 |
_arus _deng |
|
| 102 | _aRU | ||
| 105 | _a||||z ||||| | ||
| 200 | 1 |
_aЭпоха энеолита - средней бронзы Центрального Кавказа _dThe epoch of aeneolith - viddle bronze of the Central Caucasus _fВ. Л. Ростунов _gВладикавказ. науч. центр Рос. акад. наук и правительства Респ. Сев. Осетия-Алания, Сев.-Осет. ин-т гуманит. и социал. исслед. им. В. И. Абаева _zeng |
|
| 210 |
_aВладикавказ _cСеверо-Осетинский институт гуманитарных и социальных исследований _d2007 |
||
| 215 | _d25 | ||
| 300 | _aАвт. также на англ. яз.: V. Rostunov | ||
| 300 | _aРез. на англ. яз. | ||
| 463 | 0 | _10011274420 | |
| 463 | 0 | _10011273858 | |
| 510 | 0 |
_6z20790 _aThe epoch of aeneolith - viddle bronze of the Central Caucasus _zeng |
|
| 606 | 1 |
_aБронзовый век _yКавказ Центральный _92549698 _3RU\NLR\auth\661508847 |
|
| 606 | 1 |
_aЭнеолит _yКавказ Центральный _92549694 _3RU\NLR\auth\661508846 |
|
| 686 | _aТ4(2)254.1 | ||
| 686 | _aТ4(2)264.1 | ||
| 700 | 1 |
_4070 _8rus _7ca _aРостунов _bВ. Л. _gВячеслав Львович _3RU\NLR\auth\7773857 _956785 |
|
| 790 | 1 |
_4070 _8rus _7ba _aRostunov _bV. L. _gVjačeslav L'vovič _3RU\NLR\auth\7773858 _956786 |
|
| 801 | 0 |
_aRU _bNLR _c20090216 _gRCR |
|
| 801 | 1 |
_aRU _bNLR _c20090216 |
|
| 830 | _aпо кн | ||
| 852 |
_aNLR _j2008-7/5482 |
||
| 942 | _cBOOK | ||